02273cam a2200277u 45000010005000000030006000050050017000110080041000280100017000690400024000860500022001100820013001321000031001452450050001762500026002262600036002523000021002885201400003097000042017097400018017517400023017699060045017929420015018379990015018529520128018673008FISKH20240130142434.0821124s1965 mdu 000 0 eng  a 65003834  aDLCcCarPdDLCbeng00aPT8854b.W32 1965 a839.82261 aIbsen, Henrik,d1828-1906.14aA doll's jouseband other playscHenrik Ibsen aThis translation 1987 aBaltimore,bPenguin Booksc1965 a335 pagesc19 cm a(From Wikipedia) A Doll's House (Danish and Bokmål: Et dukkehjem; also translated as A Doll House) is a three-act play written by Norwegian playwright Henrik Ibsen. It premiered at the Royal Theatre in Copenhagen, Denmark, on 21 December 1879, having been published earlier that month.[1] The play is set in a Norwegian town circa 1879. The play concerns the fate of a married woman, who at the time in Norway lacked reasonable opportunities for self-fulfillment in a male-dominated world. Despite the fact that Ibsen denied it was his intent to write a feminist play, it was a great sensation at the time,[2] and caused a "storm of outraged controversy" that went beyond the theatre to the world of newspapers and society.[3] In 2006, the centennial of Ibsen's death, A Doll's House held the distinction of being the world's most performed play that year.[4] UNESCO has inscribed Ibsen's autographed manuscripts of A Doll's House on the Memory of the World Register in 2001, in recognition of their historical value.[5] The title of the play is most commonly translated as A Doll's House, though some scholars use A Doll House. John Simon says that A Doll's House is "the British term for what [Americans] call a 'dollhouse'".[6] Egil Törnqvist says of the alternative title: "Rather than being superior to the traditional rendering, it simply sounds more idiomatic to Americans."[7] 1 aWatts, Peter,d1900-1972,etranslator0 aDoll's house.0 aLady from the sea. a0bcbccpremunvduencipf19gy-gencatlg 2ddccBKn0 c3008d3008 00102ddc40708FICa001b001cFICd2024-01-30l0oIBS 839.8226 PT8861.A31p2024-0061r2024-01-30 14:23:57w2024-01-30yBK